Libro de poemas
Saved in:
| Hovedforfatter: | |
|---|---|
| Format: | Bog |
| Sprog: | spansk |
| Udgivet: |
Buenos Aires
Losada
1964
|
| Udgivelse: | 4a. ed |
| Serier: | Biblioteca Contemporánea
|
| Fag: | |
| Tags: |
Tilføj Tag
Ingen Tags, Vær først til at tagge denne postø!
|
MARC
| LEADER | 00000nam a2200000 a 4500 | ||
|---|---|---|---|
| 001 | UCQ1356 | ||
| 003 | CL-VaPUC | ||
| 008 | 980709e19640000AG |||||||||||||||||spa|d | ||
| 082 | 0 | 4 | |a 861 |b GAR |2 21 |
| 100 | |a García Lorca, Federico |e autor |9 315690 | ||
| 245 | 1 | 0 | |a Libro de poemas |
| 250 | |a 4a. ed | ||
| 300 | |a 141 p | ||
| 942 | |c BK | ||
| 945 | |d 19980709 00:00:00 |a lriquelm | ||
| 260 | |a Buenos Aires |b Losada |c 1964 | ||
| 650 | 0 | |a Poesías españolas |9 265100 | |
| 650 | 0 | |a Literatura española |9 306261 | |
| 583 | |a last modification |c 19980709 00:00:00 |k Rodrigo Vera | ||
| 490 | 0 | |a Biblioteca Contemporánea | |
| 999 | |c 272356 |d 272354 | ||
| 952 | |0 0 |1 0 |4 0 |6 861_000000000000000_GAR_1964 |7 0 |8 A |9 307258 |a BIBEDU |b BIBEDU |d 2019-11-20 |i 1434721 |o 861 GAR 1964 |p 1434721 |r 2019-11-20 |w 2019-11-20 |y BK |k LIT | ||